000 01188nkm a2200277 i 4500
001 4478
003 ES-MaACL
005 20250713063048.0
007 khrbo
008 070713s1988 sp --- g |001||spa d
100 0 _aAlfonso,
_d1902-1990
_919858
245 1 3 _aLa relación médico-paciente [
_hFotografía] /
_cAlfonso (sello).
260 _a[S.l. :
_bs.n.],
_c1988.
300 _a2 fot. :
_bb. y n. ;
_c12 x 18 cm.
500 _aDatos basados en invitación.
511 0 _aIntervienen: Jesús Sahagún de la Lastra, Armando Ingala; presenta: Consuelo Escudero.
518 _aActo organizado por la Sección de Psicología del Ateneo de Madrid, celebrado en el sala de conferencias el lunes, 7 de noviembre de 1988, a las 20:00 h.
600 1 4 _aSahagún de la Lastra, Jesús.
_9101473
600 1 4 _aIngala, Armando.
_965274
600 1 4 _aEscudero, Consuelo.
_947679
610 2 4 _aAteneo de Madrid-
_xActos culturales-
_y1988-
_vFotografías.
_91903
710 2 _aAteneo de Madrid.
_bSección de Psicología.
_92008
852 _aES-MaACL
_jFOT 291/1988
856 4 _uhttp://www.ateneodemadrid.net/biblioteca_digital/imagenes/1988/0291-1988.jpg
_zVer imagen
999 _c4478
_d4478